000
00246nam a2200097Ia 4500
001
796794
005
20250826170754.0
008
250824s9999 xx 000 0 und d
245
0
_a
YALNIZLIK SEK İÇİLİR
_c
AHMET DEMİR
260
_b
DESTEK YAYINLARI
999
_c
796794
_d
796794